Flor nueva de romances viejos

Guardado en:
Bibliografiske detaljer
Hovedforfatter: Menéndez Pidal, Ramón
Format: Bog
Sprog:Undetermined
Udgivet: Buenos Aires, Argentina Espasa-Calpe 1950
Udgivelse:8
Fag:
Tags: Tilføj Tag
Ingen Tags, Vær først til at tagge denne postø!

MARC

LEADER 00000nam a2200000Ia 4500
008 170316s9999 xx 000 0 und d
090 |a 862 M-36f 
100 |a Menéndez Pidal, Ramón 
245 |a Flor nueva de romances viejos 
250 |a 8 
260 |a Buenos Aires, Argentina 
260 |b Espasa-Calpe 
260 |c 1950 
300 |a 250 páginas 
650 |a LITERATURA ESPAÑOLA 
650 |a ROMANCERO 
999 |c 25539  |d 25539 
040 |a cru BVZT 
942 |c 15 D  |h 862 M-36f  |2 z